Gaming Quiz

Random Gaming or Video Games Quiz

SoulCalibur Characters Quiz Stats

 Plays Quiz Updated Feb 7, 2020

Support Sporcle.
Go Orange.
Score 0/74 Timer 12:00
0 Plays Today
Character % Correct
Nightmare
79.4%
Yoda
72.7%
Darth Vader
72%
Isabella 'Ivy' Valentine
71.8%
Kilik
66.9%
Link
66.6%
Maxi
65.8%
Cervantes de Leon
64.8%
Raphael Sorel
61.7%
Heishiro Mitsurugi
61.6%
Sophitia Alexandra
59.9%
Taki
59.7%
Cassandra Alexandra
59.8%
Voldo
58.2%
Astaroth
55.7%
Yoshimitsu
53.4%
Talim
52.9%
Siegfried Schtauffen
52.6%
Lizardman
50.9%
The Apprentice
50.4%
Spawn
49.6%
Nathaniel 'Rock' Adams
45%
Seong Mi-na
44.7%
Chai Xianghua
39.5%
Heihachi Mishima
38.9%
Kratos
37.2%
Zasalamel
36.1%
Z.W.E.I
34.9%
Tira
34.6%
Amy
34.6%
Charade
34.5%
Hong Yun-seong
33.9%
Patroklos
33.8%
Inferno
33.8%
Necrid
33.2%
Pyrrha
33.1%
Viola
30.8%
Character % Correct
Natsu
30.6%
Dampierre
28.9%
Xiba
28.4%
Assassin
27.3%
Setsuka
26.5%
Hildegard von Krone
26.2%
Elysium
25.9%
Hwang Seong-gyeong
25.4%
Berserker
25.2%
Leixia
23.4%
Edge Master
22%
Algol
21.9%
Abyss
19.9%
Li Long
19.2%
Olcadan
17.2%
Arthur (World version)
14.6%
Alpha Patroklos
14.2%
Night Terror
13.5%
Angol Fear
12.4%
Revenant
11.5%
Shura
11.5%
Ashlotte Maedel
10.4%
Greed
9.7%
Miser
9.3%
Girardot Argezas
9%
Valeria
8.9%
Luna
8.7%
Scheherazade
8.2%
Strife Astlar
8.1%
Lynette
7.9%
Abelia Schillfelt
7.9%
Kamikirimusi
7.8%
Hualin
7.7%
Chester
7.7%
Seong Han-Myeong
7.1%
Aurelia Dichalla Dolce Dalkia
7.1%
Demuth Beel Zebus Halteese
6.8%

From the Vault

Finish the Movie Title X

by Roland59

Movies 5m
Beware of spoilers. This quiz gives away all the movie endings!
Remove Ads.
Support Sporcle.
Get the best of Sporcle when you Go Orange. This ad-free experience offers more features, more stats, and more fun while also helping to support Sporcle. Thank you for becoming a member.

Show Comments

Extras

Top Quizzes Today


Score Distribution

Your Account Isn't Verified!

In order to create a playlist on Sporcle, you need to verify the email address you used during registration. Go to your Sporcle Settings to finish the process.

Report this User

Report this user for behavior that violates our Community Guidelines.

Details: